Súčasná úloha krajín OPEC na trhu s ropou bakalárska práca

Salvato in:
Dettagli Bibliografici
Autore principale: Kőváry, Tomáš
Ente Autore: Obchodná fakulta EU. Katedra medzinárodného obchodu
Altri autori: Hlušková, Tatiana, 1987-
Natura: Libro
Lingua:slovacco
Pubblicazione: Bratislava 2021
Tags: Aggiungi Tag
Nessun Tag, puoi essere il primo ad aggiungerne!!

MARC

LEADER 00000nbm a2200000 4500
001 0276061
005 20220209124433.8
041 0 |a slo 
044 |a SK 
245 1 0 |a Súčasná úloha krajín OPEC na trhu s ropou  |b bakalárska práca  |c Tomáš Kőváry ; školiteľ: Tatiana Hlušková 
264 1 |a Bratislava  |c 2021 
300 |a 44 s. 
100 1 |a Kőváry, Tomáš 
700 1 |a Hlušková, Tatiana, 1987- 
710 2 |a Obchodná fakulta EU. Katedra medzinárodného obchodu